00265nam a2200109Ia 4500008004100000041001200041082001100053100001700064245006200081260000600143650000600149221030s9999 xx 000 0 und d aEnglish a105.23 aR. C. Sharma 0aBusiness Correspondence & Report Writingcby R. C. Sharma c0 aB